000
00343nam a22001457a 4500
003
OSt
005
20240206163122.0
008
220330b xxu||||| |||| 00| 0 eng d
020
_a
9789388818377
040
_c
IIMT SCHOOL OF PHARMACEUTICAL SCIENCE
100
_a
KAR,ASHUTOSH
245
_a
PHARMACEUTICS-I
300
_a
260
942
_2
ddc
_c
06
999
_c
51466
_d
51466